Budapest... or Bucharest? - Statistics

General Stats
  • This quiz has been taken 1,164 times
    1,157 since last reset
  • The average score is 10 of 18
Answer Stats
Question Answer % Correct
Is a Capital city Both
98%
Has an Arch of Triumph Bucharest
84%
Is further South Bucharest
82%
Has a Statue of Liberty Budapest
79%
Predominantly Orthodox today Bucharest
76%
Situated on the banks of the Danube Budapest
75%
Called the Paris of the East Bucharest
64%
Was under communist rule in a Warsaw Pact country. But now is in the NATO Both
63%
Is in the Eastern European Timezone Bucharest
63%
Almost 2 million people live within its city-limits Both
54%
Home to two UNESCO World Heritage sites Budapest
50%
Has a Transylvanian-style castle in one of its parks Budapest
45%
Was under continuous Ottoman rule Both
40%
Was a station of the Orient Express Both
28%
Is in the Schengen Area Budapest
28%
Was under continuous Roman rule Budapest
24%
Is closer to the Carpathians Budapest
20%
Jews were its second-largest ethnic group during the Interwar period Both
17%
No matching quizzes found
Score Distribution
Percent of People with Each Score
Percentile by Number Answered
Your Score History
You have not taken this quiz since the last reset